000 00434nam a22001697a 4500
003 UA-OsUOA
001 5383
007 ta
008 20050721b un ||||| |||| 00| 0 ukr d
100 _aШирокова
700 _aА. В.
942 _cBK
040 _aUA-OsUOA
_cUA-OsUOA
_dUA-OsUOA
245 _aСравнитильная типология разноструктурных яз..
_bLinguistics
955 _a2
650 7 _2UDC
999 _c291545
_d291545